[Event "Oberliga Ost-B 2122"]
[Site "Germany"]
[Date "2022.07.02"]
[Round "6.1"]
[White "Teske, Henrik"]
[Black "Dunsbach, Ralf"]
[Result "1-0"]
[WhiteElo "2460"]
[BlackElo "2146"]
[PlyCount "65"]
[EventDate "2021.10.10"]
[EventType "team-tourn"]
[EventRounds "11"]
[EventCountry "GER"]
[SourceTitle "EXT 2023"]
[Source "ChessBase"]
[SourceDate "2022.10.05"]
[SourceVersion "1"]
[SourceVersionDate "2022.10.05"]
[SourceQuality "1"]
[WhiteTeam "Erfurt Empor"]
[BlackTeam "Bad Homburg"]
[WhiteTeamCountry "GER"]
[BlackTeamCountry "GER"]

1. c4 Nf6 2. Nc3 e5 3. Nf3 Nc6 4. g3 Bb4 5. Bg2 0-0 6. 0-0 e4 7. Nh4 Bxc3 8. bxc3 d6 9. d3 exd3 10. exd3 Ne5 11. h3 h6 12. Kh2 Re8 13. a4 a5 14. f4 Ned7 15. g4 Nc5 16. Nf3 c6 17. Nd4 Nh7 18. Ra2 Bd7 19. Raf2 Qe7 20. Ne2 f5 21. Ng3 fxg4 22. hxg4 Qh4+ 23. Bh3 Nf6 24. f5 Nxd3 25. Qxd3 Nxg4+ 26. Kg2 Nxf2 27. Rxf2 Rad8 28. Rf4 Qe7 29. Ne4 d5 30. cxd5 cxd5 31. f6 Bxh3+ 32. Qxh3 Qf7 33. Rg4 1-0

[Event "Oberliga Ost-B 2122"]
[Site "Germany"]
[Date "2022.05.22"]
[Round "5.1"]
[White "Teske, Henrik"]
[Black "Di Capua, Francesco Stefano"]
[Result "1-0"]
[WhiteElo "2460"]
[BlackElo "1954"]
[PlyCount "67"]
[EventDate "2021.10.10"]
[EventType "team-tourn"]
[EventRounds "11"]
[EventCountry "GER"]
[SourceTitle "EXT 2023"]
[Source "ChessBase"]
[SourceDate "2022.10.05"]
[SourceVersion "1"]
[SourceVersionDate "2022.10.05"]
[SourceQuality "1"]
[WhiteTeam "Erfurt Empor"]
[BlackTeam "Gernsheim"]
[WhiteTeamCountry "GER"]
[BlackTeamCountry "GER"]

1. c4 b6 2. Nc3 Bb7 3. e4 e6 4. g3 Bb4 5. Nge2 f5 6. Bg2 Nf6 7. d3 fxe4 8. 0-0 0-0 9. Bg5 Be7 10. dxe4 Ng4 11. Bxe7 Qxe7 12. b3 d6 13. Qd2 Nc6 14. Rae1 Rad8 15. h3 Nf6 16. f4 Kh8 17. Kh2 Ba8 18. Rd1 a6 19. Qe3 Nd7 20. Nc1 Qe8 21. Nd3 Qh5 22. b4 Qh6 23. Kg1 Nde5 24. Nxe5 dxe5 25. Rxd8 Rxd8 26. b5 axb5 27. Nxb5 Nd4 28. Nxc7 exf4 29. gxf4 e5 30. Nd5 Bxd5 31. exd5 Re8 32. Qe4 Qh5 33. fxe5 Ne2+ 34. Kh2 1-0

[Event "Oberliga Ost-B 1920"]
[Site "Germany"]
[Date "2021.07.18"]
[Round "11.1"]
[White "Teske, Henrik"]
[Black "Sivuk, Vitaly"]
[Result "1/2-1/2"]
[WhiteElo "2472"]
[BlackElo "2557"]
[PlyCount "27"]
[EventDate "2019.09.29"]
[EventType "team-tourn"]
[EventRounds "11"]
[EventCountry "GER"]
[SourceTitle "EXT 2023"]
[Source "ChessBase"]
[SourceDate "2022.10.05"]
[SourceVersion "1"]
[SourceVersionDate "2022.10.05"]
[SourceQuality "1"]
[WhiteTeam "Erfurt Empor"]
[BlackTeam "Bad Emstal/Wolfhagen"]
[WhiteTeamCountry "GER"]
[BlackTeamCountry "GER"]

1. d4 Nf6 2. c4 e6 3. Nc3 Bb4 4. e3 0-0 5. Nge2 d5 6. a3 Be7 7. Nf4 c6 8. Bd3 Nbd7 9. 0-0 dxc4 10. Bxc4 e5 11. Nfe2 exd4 12. Qxd4 Nc5 13. b4 Be6 14. Bxe6 1/2-1/2

[Event "Oberliga Ost-B 1920"]
[Site "Germany"]
[Date "2021.07.17"]
[Round "10.1"]
[White "Dorst, Johannes"]
[Black "Teske, Henrik"]
[Result "0-1"]
[WhiteElo "2253"]
[BlackElo "2472"]
[PlyCount "34"]
[EventDate "2019.09.29"]
[EventType "team-tourn"]
[EventRounds "11"]
[EventCountry "GER"]
[SourceTitle "EXT 2023"]
[Source "ChessBase"]
[SourceDate "2022.10.05"]
[SourceVersion "1"]
[SourceVersionDate "2022.10.05"]
[SourceQuality "1"]
[WhiteTeam "Marburg"]
[BlackTeam "Erfurt Empor"]
[WhiteTeamCountry "GER"]
[BlackTeamCountry "GER"]

1. Nf3 d5 2. c4 d4 3. b4 g6 4. Bb2 Bg7 5. e3 e5 6. exd4 e4 7. Qe2 Qe7 8. Ne5 f6 9. Ng4 Bxg4 10. Qxg4 Nc6 11. Qd1 f5 12. Bc3 Bxd4 13. Bxd4 Nxd4 14. Qa4+ c6 15. c5 Nf6 16. Bc4 Kf8 17. 0-0 Kg7 0-1

[Event "Oberliga Ost-B 1920"]
[Site "Germany"]
[Date "2019.12.08"]
[Round "5.1"]
[White "Teske, Henrik"]
[Black "Konopka, Michal"]
[Result "1/2-1/2"]
[WhiteElo "2472"]
[BlackElo "2353"]
[PlyCount "64"]
[EventDate "2019.09.29"]
[EventType "team-tourn"]
[EventRounds "11"]
[EventCountry "GER"]
[SourceTitle "EXT 2021"]
[Source "ChessBase"]
[SourceDate "2020.10.23"]
[SourceVersion "1"]
[SourceVersionDate "2020.10.23"]
[SourceQuality "1"]
[WhiteTeam "Erfurt Empor"]
[BlackTeam "Schoeneck"]
[WhiteTeamCountry "GER"]
[BlackTeamCountry "GER"]

1. e4 Nf6 2. e5 Nd5 3. d4 d6 4. c4 Nb6 5. f4 dxe5 6. fxe5 Nc6 7. Be3 Bf5 8. Nc3 e6 9. Nf3 Bg4 10. Qd2 Bb4 11. 0-0-0 Qd7 12. Be2 0-0-0 13. Rhf1 f6 14. exf6 gxf6 15. Qc2 Na5 16. b3 Rhg8 17. Bd3 Ba3+ 18. Kb1 Nc6 19. Be4 a6 20. h3 Bh5 21. g4 Bg6 22. Nh4 f5 23. gxf5 exf5 24. Bxf5 Bxf5 25. Nxf5 Nb4 26. Qf2 Kb8 27. d5 Nc8 28. Ne4 Ne7 29. Nf6 Qxf5+ 30. Qxf5 Nxf5 31. Rxf5 Rg3 32. Bc1 Bxc1 1/2-1/2

[Event "Oberliga Ost-B 1920"]
[Site "Germany"]
[Date "2019.12.07"]
[Round "4.1"]
[White "Margolin, Boris"]
[Black "Teske, Henrik"]
[Result "1/2-1/2"]
[WhiteElo "2401"]
[BlackElo "2472"]
[PlyCount "28"]
[EventDate "2019.09.29"]
[EventType "team-tourn"]
[EventRounds "11"]
[EventCountry "GER"]
[SourceTitle "EXT 2021"]
[Source "ChessBase"]
[SourceDate "2020.10.23"]
[SourceVersion "1"]
[SourceVersionDate "2020.10.23"]
[SourceQuality "1"]
[WhiteTeam "Oberursel"]
[BlackTeam "Erfurt Empor"]
[WhiteTeamCountry "GER"]
[BlackTeamCountry "GER"]

1. e4 c6 2. Nc3 d5 3. d4 dxe4 4. Nxe4 Bf5 5. Ng3 Bg6 6. h4 h6 7. Nh3 Nf6 8. c3 e6 9. Nf4 Bh7 10. Qf3 Nbd7 11. Nfh5 Bg6 12. Nf4 Bh7 13. Nfh5 Bg6 14. Nf4 Bh7 1/2-1/2

[Event "Oberliga Ost-B 1920"]
[Site "Germany"]
[Date "2019.11.17"]
[Round "3.1"]
[White "Nothnagel, Marian Can"]
[Black "Teske, Henrik"]
[Result "1/2-1/2"]
[WhiteElo "2363"]
[BlackElo "2472"]
[PlyCount "20"]
[EventDate "2019.09.29"]
[EventType "team-tourn"]
[EventRounds "11"]
[EventCountry "GER"]
[SourceTitle "EXT 2021"]
[Source "ChessBase"]
[SourceDate "2020.10.23"]
[SourceVersion "1"]
[SourceVersionDate "2020.10.23"]
[SourceQuality "1"]
[WhiteTeam "Griesheim"]
[BlackTeam "Erfurt Empor"]
[WhiteTeamCountry "GER"]
[BlackTeamCountry "GER"]

1. e4 e5 2. Nf3 Nf6 3. d3 Nc6 4. Be2 g6 5. 0-0 Bg7 6. c3 0-0 7. b4 d5 8. Nbd2 b6 9. Re1 Bb7 10. Bb2 dxe4 1/2-1/2

[Event "Oberliga Ost-B 1819"]
[Site "Germany"]
[Date "2019.04.06"]
[Round "10.1"]
[White "Konopka, Michal"]
[Black "Teske, Henrik"]
[Result "1/2-1/2"]
[WhiteElo "2367"]
[BlackElo "2483"]
[PlyCount "28"]
[EventDate "2018.10.21"]
[EventType "team-tourn"]
[EventRounds "11"]
[EventCountry "GER"]
[SourceTitle "EXT 2020"]
[Source "ChessBase"]
[SourceDate "2019.10.17"]
[SourceVersion "1"]
[SourceVersionDate "2019.10.17"]
[SourceQuality "1"]
[WhiteTeam "Schoeneck"]
[BlackTeam "Erfurt Empor"]
[WhiteTeamCountry "GER"]
[BlackTeamCountry "GER"]

1. Nf3 d5 2. g3 Nf6 3. Bg2 c6 4. 0-0 Bf5 5. d3 Na6 6. c4 dxc4 7. dxc4 e6 8. Nc3 Qxd1 9. Rxd1 Bc2 10. Rd2 Bg6 11. Rd1 Bc2 12. Rd2 Bg6 13. Rd1 Bc2 14. Rd2 Bg6 1/2-1/2

[Event "Oberliga Ost-B 1819"]
[Site "Germany"]
[Date "2019.03.23"]
[Round "8.1"]
[White "Mueller, Maximilian"]
[Black "Teske, Henrik"]
[Result "0-1"]
[WhiteElo "2312"]
[BlackElo "2483"]
[PlyCount "72"]
[EventDate "2018.10.21"]
[EventType "team-tourn"]
[EventRounds "11"]
[EventCountry "GER"]
[SourceTitle "EXT 2020"]
[Source "ChessBase"]
[SourceDate "2019.10.17"]
[SourceVersion "1"]
[SourceVersionDate "2019.10.17"]
[SourceQuality "1"]
[WhiteTeam "Gernsheim"]
[BlackTeam "Erfurt Empor"]
[WhiteTeamCountry "GER"]
[BlackTeamCountry "GER"]

1. d4 e6 2. Nf3 c5 3. c4 cxd4 4. Nxd4 Nf6 5. Nc3 Bb4 6. Bd2 0-0 7. Nc2 Bxc3 8. Bxc3 Ne4 9. Qd4 Nxc3 10. Qxc3 b6 11. e4 Bb7 12. Bd3 Na6 13. 0-0 Rc8 14. b4 d5 15. exd5 exd5 16. Rad1 Qg5 17. f4 Qxg2+ 18. Kxg2 d4+ 19. Kf2 dxc3 20. Rfe1 g6 21. Re3 Rfd8 22. Rde1 Nc7 23. f5 Ne8 24. fxg6 hxg6 25. h4 Nf6 26. Rg1 Kg7 27. Na3 Rd4 28. Nb5 Rxh4 29. Re7 Rh2+ 30. Ke3 Rh3+ 31. Ke2 Bf3+ 32. Ke1 Rd8 33. Bxg6 Rd1+ 34. Kf2 Rxg1 35. Kxg1 Kxg6 36. Nxc3 Ng4 0-1

[Event "AUT-chT2W 1819"]
[Site "Austria"]
[Date "2019.02.10"]
[Round "8.1"]
[White "Teske, Henrik"]
[Black "Eybl, Alexander"]
[Result "0-1"]
[WhiteElo "2483"]
[BlackElo "2289"]
[PlyCount "78"]
[EventDate "2018.10.12"]
[EventType "team-tourn"]
[EventRounds "11"]
[EventCountry "AUT"]
[SourceTitle "CBM 189 Extra"]
[Source "ChessBase"]
[SourceDate "2019.06.03"]
[SourceVersion "1"]
[SourceVersionDate "2019.06.03"]
[SourceQuality "1"]
[WhiteTeam "Wolfurt"]
[BlackTeam "Pradl"]
[WhiteTeamCountry "AUT"]
[BlackTeamCountry "AUT"]

1. Nf3 Nf6 2. c4 g6 3. Nc3 d5 4. cxd5 Nxd5 5. h4 Bg7 6. h5 Nxc3 7. bxc3 Nc6 8. Rb1 e5 9. e4 0-0 10. hxg6 hxg6 11. Qa4 Bd7 12. Rxb7 Nd4 13. Qc4 Ne6 14. d3 Rb8 15. Rb3 Rb6 16. Be2 c5 17. 0-0 Qc7 18. g3 Rfb8 19. Rxb6 axb6 20. a3 Bf6 21. Rd1 Bc6 22. Nh2 b5 23. Qa2 b4 24. Bg4 Ba4 25. Rf1 b3 26. Qd2 Bd7 27. f4 exf4 28. gxf4 c4 29. f5 gxf5 30. Bxf5 b2 31. Bxb2 Qb6+ 32. d4 Bg5 33. Qf2 Qxb2 34. Qg3 f6 35. Nf3 Nf4 36. Rf2 Qc1+ 37. Kh2 Rb1 38. Qg4 Qh1+ 39. Kg3 Nh5+ 0-1

[Event "Oberliga Ost-B 1819"]
[Site "Germany"]
[Date "2019.02.03"]
[Round "7.1"]
[White "Zimmermann, Hendrik"]
[Black "Teske, Henrik"]
[Result "0-1"]
[WhiteElo "2200"]
[BlackElo "2483"]
[PlyCount "112"]
[EventDate "2018.10.21"]
[EventType "team-tourn"]
[EventRounds "11"]
[EventCountry "GER"]
[SourceTitle "EXT 2020"]
[Source "ChessBase"]
[SourceDate "2019.10.17"]
[SourceVersion "1"]
[SourceVersionDate "2019.10.17"]
[SourceQuality "1"]
[WhiteTeam "Nied Koenig"]
[BlackTeam "Erfurt Empor"]
[WhiteTeamCountry "GER"]
[BlackTeamCountry "GER"]

1. e4 c5 2. Nf3 e6 3. d4 cxd4 4. Nxd4 a6 5. c4 Nf6 6. Nc3 Qc7 7. a3 Nc6 8. Be3 b6 9. Be2 Bb7 10. f3 Nxd4 11. Qxd4 Bc5 12. Qd2 0-0 13. b4 Bxe3 14. Qxe3 d5 15. e5 Nd7 16. cxd5 Nxe5 17. dxe6 Rae8 18. 0-0 Rxe6 19. Qd2 Rd8 20. Qb2 Rh6 21. Rad1 Nxf3+ 22. Rxf3 Qxh2+ 23. Kf2 Qh4+ 24. Kf1 Qh1+ 25. Kf2 Qh4+ 26. Kf1 Bxf3 27. Bxf3 Qh1+ 28. Kf2 Qh4+ 29. Kf1 Re8 30. Nd5 Rhe6 31. Qd2 g5 32. g4 h5 33. Qf2 Qh3+ 34. Qg2 hxg4 35. Bxg4 Re1+ 36. Rxe1 Rxe1+ 37. Kf2 Qh4+ 38. Kf3 Rd1 39. Ne7+ Kf8 40. Nf5 Qh1 41. Qxh1 Rxh1 42. Ne3 Ra1 43. Nc2 Rc1 44. Bf5 Ke7 45. Ke2 Kd6 46. Kd2 Rg1 47. Bc8 a5 48. Ne3 axb4 49. axb4 Rb1 50. Kc3 Rc1+ 51. Nc2 Ke5 52. Kd2 Rb1 53. Bd7 f5 54. Ne3 f4 55. Nc4+ Kd4 56. Nxb6 f3 0-1

[Event "Wch Blitz"]
[Site "St Petersburg"]
[Date "2018.12.30"]
[Round "14"]
[White "Teske, Henrik"]
[Black "Zaitsev, Alexander"]
[Result "1-0"]
[WhiteElo "2483"]
[BlackElo "2473"]
[PlyCount "134"]
[EventDate "2018.12.29"]
[EventType "swiss (blitz)"]
[EventRounds "21"]
[EventCountry "RUS"]
[SourceTitle "CBM 187 Extra"]
[Source "ChessBase"]
[SourceDate "2018.11.04"]
[SourceVersion "1"]
[SourceVersionDate "2018.11.04"]
[SourceQuality "1"]

1. e4 e6 2. d4 d5 3. Nc3 Bb4 4. e5 Ne7 5. a3 Bxc3+ 6. bxc3 b6 7. Qg4 Ng6 8. h4 h5 9. Qg3 Ba6 10. Bxa6 Nxa6 11. Qd3 Nb8 12. Ne2 Qd7 13. Qg3 Qa4 14. Qd3 c5 15. g3 Nc6 16. f4 Nge7 17. Rb1 0-0 18. 0-0 Nf5 19. Kf2 cxd4 20. cxd4 Nfxd4 21. Nxd4 Qxd4+ 22. Be3 Qa4 23. Qb3 Qa6 24. Qd3 Qxd3 25. cxd3 Rac8 26. Rfc1 Na5 27. a4 Rfd8 28. Ke2 Kf8 29. Kf3 Ke8 30. f5 exf5 31. Bg5 Rxc1 32. Rxc1 f6 33. exf6 gxf6 34. Bxf6 Rd6 35. Bg5 Nc6 36. Kf4 Nd4 37. Ke5 Rc6 38. Rf1 Nb3 39. Rxf5 Rc3 40. d4 Rd3 41. Rf4 Rxg3 42. Kd6 Rg1 43. Be7 Rg8 44. Bg5 Rg6+ 45. Kxd5 Na5 46. Re4+ Kd7 47. Re7+ Kc8 48. Rxa7 Nc6 49. Rh7 Nb4+ 50. Kc4 Nc6 51. Rxh5 Rd6 52. d5 Ne5+ 53. Kd4 Nf3+ 54. Ke4 Ne1 55. Bf4 Rf6 56. Rf5 Rg6 57. h5 Rg4 58. h6 Rh4 59. Rf7 Ng2 60. h7 Nxf4 61. Kf5 Nxd5 62. Rf8+ Kc7 63. h8Q Rxh8 64. Rxh8 Nc3 65. Ra8 Kb7 66. Re8 Nxa4 67. Ke4 Ka7 1-0

[Event "Wch Blitz"]
[Site "St Petersburg"]
[Date "2018.12.29"]
[Round "3"]
[White "Apryshko, Gleb"]
[Black "Teske, Henrik"]
[Result "1-0"]
[WhiteElo "2385"]
[BlackElo "2483"]
[PlyCount "123"]
[EventDate "2018.12.29"]
[EventType "swiss (blitz)"]
[EventRounds "21"]
[EventCountry "RUS"]
[SourceTitle "CBM 187 Extra"]
[Source "ChessBase"]
[SourceDate "2018.11.04"]
[SourceVersion "1"]
[SourceVersionDate "2018.11.04"]
[SourceQuality "1"]

1. e4 e6 2. Qe2 c5 3. b3 Nc6 4. Bb2 Nf6 5. Nf3 Be7 6. e5 Nd5 7. Nc3 0-0 8. 0-0-0 d6 9. exd6 Qxd6 10. Qc4 a6 11. Kb1 b5 12. Qg4 Nf6 13. Qh4 Bb7 14. Ng5 h6 15. Nce4 Nxe4 16. Nxe4 Qd5 17. Qg3 Nd4 18. Nc3 Qg5 19. Qxg5 hxg5 20. f3 Rad8 21. Bd3 f5 22. Rhe1 Kf7 23. Bf1 Bc6 24. Ne2 Bf6 25. Nxd4 cxd4 26. Ba3 Rfe8 27. Bc5 a5 28. a3 a4 29. b4 Rb8 30. Bd3 Bd5 31. Bd6 Rb7 32. Be5 Rc8 33. Kb2 Bc4 34. Be2 Bxe5 35. Bxc4 Rxc4 36. Rxe5 Rb6 37. c3 Kf6 38. Rde1 Rd6 39. Kc2 dxc3 40. dxc3 Rdc6 41. R5e3 e5 42. Rd1 g4 43. Rd5 f4 44. Red3 e4 45. fxe4 Rxe4 46. Rxb5 Re2+ 47. Rd2 Rce6 48. Rb8 Kg5 49. Rf8 R6e3 50. b5 f3 51. gxf3 gxf3 52. b6 Re7 53. Rxf3 R2e6 54. Rd5+ Kh6 55. Rb5 Rb7 56. Rf4 Rexb6 57. Rxb6+ Rxb6 58. Rxa4 g5 59. h4 gxh4 60. Rxh4+ Kg5 61. Rd4 Kf5 62. Rb4 1-0

[Event "Wch Blitz"]
[Site "St Petersburg"]
[Date "2018.12.29"]
[Round "9"]
[White "Gaifullin, Artur"]
[Black "Teske, Henrik"]
[Result "0-1"]
[WhiteElo "2448"]
[BlackElo "2483"]
[PlyCount "66"]
[EventDate "2018.12.29"]
[EventType "swiss (blitz)"]
[EventRounds "21"]
[EventCountry "RUS"]
[SourceTitle "CBM 187 Extra"]
[Source "ChessBase"]
[SourceDate "2018.11.04"]
[SourceVersion "1"]
[SourceVersionDate "2018.11.04"]
[SourceQuality "1"]

1. d4 Nf6 2. c4 g6 3. Nc3 Bg7 4. e4 0-0 5. Nge2 c6 6. Ng3 a6 7. h4 b5 8. h5 bxc4 9. hxg6 fxg6 10. Bxc4+ d5 11. exd5 cxd5 12. Bb3 Nc6 13. Bg5 Be6 14. Rh4 Qd7 15. Qd2 Rf7 16. f3 Na5 17. Ba4 Qb7 18. Qe2 Bd7 19. Bxd7 Qxd7 20. 0-0-0 Nc4 21. Re1 Rb8 22. b3 Nd6 23. Kb2 Qc6 24. Qe6 Rb6 25. Bxf6 Bxf6 26. Nxd5 Bxh4 27. Nxb6 Bxg3 28. Rd1 Qxb6 29. Qg4 Bf4 30. g3 Bh6 31. Qe6 Bg7 32. Kb1 Qb7 33. f4 Qe4+ 0-1

[Event "Wch Blitz"]
[Site "St Petersburg"]
[Date "2018.12.29"]
[Round "1"]
[White "Masrahi, Abdulrahman A"]
[Black "Teske, Henrik"]
[Result "1-0"]
[WhiteElo "1903"]
[BlackElo "2483"]
[PlyCount "43"]
[EventDate "2018.12.29"]
[EventType "swiss (blitz)"]
[EventRounds "21"]
[EventCountry "RUS"]
[SourceTitle "CBM 187 Extra"]
[Source "ChessBase"]
[SourceDate "2018.11.04"]
[SourceVersion "1"]
[SourceVersionDate "2018.11.04"]
[SourceQuality "1"]

1. d4 Nf6 2. Bf4 d6 3. e3 g6 4. h3 Bg7 5. Nf3 0-0 6. Be2 c5 7. c3 Be6 8. 0-0 Qb6 9. Qc1 Nc6 10. Nbd2 Rfc8 11. Ng5 Bd7 12. Nc4 Qd8 13. dxc5 dxc5 14. Rd1 b5 15. Ne5 Nxe5 16. Bxe5 Qe8 17. c4 h6 18. Nf3 b4 19. a3 a5 20. b3 Ne4 21. Bxg7 Kxg7 22. Qb2+ 1-0

[Event "Wch Blitz"]
[Site "St Petersburg"]
[Date "2018.12.29"]
[Round "11"]
[White "Steinberg, Nitzan"]
[Black "Teske, Henrik"]
[Result "1-0"]
[WhiteElo "2532"]
[BlackElo "2483"]
[PlyCount "75"]
[EventDate "2018.12.29"]
[EventType "swiss (blitz)"]
[EventRounds "21"]
[EventCountry "RUS"]
[SourceTitle "CBM 187 Extra"]
[Source "ChessBase"]
[SourceDate "2018.11.04"]
[SourceVersion "1"]
[SourceVersionDate "2018.11.04"]
[SourceQuality "1"]

1. e4 c6 2. d4 d5 3. exd5 cxd5 4. Nf3 Bg4 5. h3 Bxf3 6. Qxf3 Nc6 7. c3 e6 8. Bd3 Nf6 9. 0-0 Be7 10. Re1 0-0 11. Nd2 Rb8 12. Qe2 a6 13. a4 Ne8 14. Nf3 Nd6 15. Bf4 Rc8 16. g3 g6 17. h4 h5 18. Kg2 Bf6 19. Ng5 Nf5 20. Rad1 Qd7 21. Rh1 Nce7 22. g4 Ng7 23. Bc2 b5 24. axb5 axb5 25. Nf3 hxg4 26. Ne5 Bxe5 27. dxe5 b4 28. cxb4 Rc4 29. Bg5 Rxb4 30. Bf6 Nh5 31. Qe3 Nf5 32. Bxf5 Nf4+ 33. Kg1 exf5 34. h5 Re4 35. hxg6 fxg6 36. Rh8+ Kf7 37. Rh7+ Ke6 38. Qb6+ 1-0

[Event "Wch Blitz"]
[Site "St Petersburg"]
[Date "2018.12.29"]
[Round "6"]
[White "Teske, Henrik"]
[Black "Ovchinnikov, Vsevolod"]
[Result "1-0"]
[WhiteElo "2483"]
[BlackElo "2329"]
[PlyCount "71"]
[EventDate "2018.12.29"]
[EventType "swiss (blitz)"]
[EventRounds "21"]
[EventCountry "RUS"]
[SourceTitle "CBM 187 Extra"]
[Source "ChessBase"]
[SourceDate "2018.11.04"]
[SourceVersion "1"]
[SourceVersionDate "2018.11.04"]
[SourceQuality "1"]

1. Nf3 Nf6 2. c4 c5 3. Nc3 e6 4. g3 b6 5. Bg2 Bb7 6. 0-0 Be7 7. Re1 d5 8. cxd5 Nxd5 9. e4 Nxc3 10. bxc3 0-0 11. d4 Nd7 12. d5 exd5 13. exd5 Bd6 14. c4 Re8 15. Bb2 Rxe1+ 16. Qxe1 Qf8 17. Qc3 Re8 18. Re1 Rxe1+ 19. Qxe1 Qe7 20. Qc3 f6 21. Bh3 Nf8 22. Kf1 Qe4 23. Kg1 b5 24. Nd2 Qe1+ 25. Bf1 Be5 26. Qc2 Bxb2 27. Qxb2 b4 28. Qc2 Bc8 29. Nf3 Qa1 30. Kg2 g6 31. Qe2 Bf5 32. h3 g5 33. Qe3 Nd7 34. g4 Bg6 35. Qe6+ Bf7 36. Qxd7 1-0

[Event "Wch Rapid"]
[Site "St Petersburg"]
[Date "2018.12.27"]
[Round "8"]
[White "Sharma, Dinesh Kumar"]
[Black "Teske, Henrik"]
[Result "1-0"]
[WhiteElo "2295"]
[BlackElo "2483"]
[PlyCount "93"]
[EventDate "2018.12.26"]
[EventType "swiss (rapid)"]
[EventRounds "15"]
[EventCountry "RUS"]
[SourceTitle "CBM 187 Extra"]
[Source "ChessBase"]
[SourceDate "2018.11.04"]
[SourceVersion "1"]
[SourceVersionDate "2018.11.04"]
[SourceQuality "1"]

1. Nf3 g6 2. d4 d5 3. c4 dxc4 4. Qa4+ c6 5. Qxc4 Nf6 6. Ng5 Qd5 7. Qxd5 Nxd5 8. a3 Bg7 9. e4 Nb6 10. Nf3 Bg4 11. Be3 N8d7 12. Nbd2 e5 13. h3 Be6 14. 0-0-0 0-0-0 15. Kc2 f5 16. Ng5 Bg8 17. dxe5 Bxe5 18. exf5 gxf5 19. Ngf3 Bf6 20. Bd3 Na4 21. Bd4 f4 22. Bf5 Kc7 23. Rhe1 Bd5 24. Ne4 Bxd4 25. Rxd4 b5 26. Bxd7 Bxe4+ 27. Rexe4 Rxd7 28. Rxd7+ Kxd7 29. Rxf4 Re8 30. Rf7+ Kd6 31. Rf6+ Kd5 32. b3 Nc5 33. Rf5+ Kd6 34. Nd2 a5 35. b4 axb4 36. axb4 Na6 37. Rf4 Nc7 38. Ne4+ Ke5 39. Rh4 Nd5 40. Nc5 Ra8 41. Nd3+ Kf5 42. Rh5+ Ke4 43. Nc5+ Kf4 44. Nd3+ Ke4 45. f3+ Ke3 46. Re5+ Kd4 47. Re4# 1-0

[Event "Wch Rapid"]
[Site "St Petersburg"]
[Date "2018.12.27"]
[Round "7"]
[White "Teske, Henrik"]
[Black "Ponkratov, Pavel"]
[Result "0-1"]
[WhiteElo "2483"]
[BlackElo "2630"]
[PlyCount "81"]
[EventDate "2018.12.26"]
[EventType "swiss (rapid)"]
[EventRounds "15"]
[EventCountry "RUS"]
[SourceTitle "CBM 187 Extra"]
[Source "ChessBase"]
[SourceDate "2018.11.04"]
[SourceVersion "1"]
[SourceVersionDate "2018.11.04"]
[SourceQuality "1"]

1. Nf3 c5 2. e4 b6 3. d4 cxd4 4. Nxd4 Bb7 5. Nc3 a6 6. Bg5 Qc7 7. Qd3 e6 8. 0-0-0 Nf6 9. Kb1 Bb4 10. Bxf6 gxf6 11. Nce2 Nc6 12. c3 Be7 13. f4 Na5 14. g3 Qc4 15. Qc2 Qc7 16. Nc1 Nc4 17. Bxc4 Qxc4 18. Rhe1 h5 19. Ncb3 Qc7 20. Ka1 h4 21. e5 f5 22. Nxf5 exf5 23. Qxf5 hxg3 24. hxg3 Rf8 25. Nd2 0-0-0 26. Ne4 Qc4 27. Nd6+ Bxd6 28. Rxd6 Bd5 29. Qb1 Bc6 30. Rd4 Qc5 31. Qd3 Kb7 32. g4 Rh8 33. a4 Rh2 34. f5 Rdh8 35. Ka2 R8h3 36. Re3 Rxe3 37. Qxe3 Bxa4 38. Qe4+ Bc6 39. Rxd7+ Kc8 40. Qf4 Qa5+ 41. Kb3 0-1

[Event "Oberliga Ost-B 1819"]
[Site "Germany"]
[Date "2018.12.15"]
[Round "4.1"]
[White "Strache, Michael"]
[Black "Teske, Henrik"]
[Result "0-1"]
[WhiteElo "2255"]
[BlackElo "2483"]
[PlyCount "72"]
[EventDate "2018.10.21"]
[EventType "team-tourn"]
[EventRounds "11"]
[EventCountry "GER"]
[SourceTitle "EXT 2020"]
[Source "ChessBase"]
[SourceDate "2019.10.17"]
[SourceVersion "1"]
[SourceVersionDate "2019.10.17"]
[SourceQuality "1"]
[WhiteTeam "Sangerhausen"]
[BlackTeam "Erfurt Empor"]
[WhiteTeamCountry "GER"]
[BlackTeamCountry "GER"]

1. e4 c6 2. d4 d5 3. exd5 cxd5 4. c4 Nf6 5. Nc3 e6 6. c5 Be7 7. Nf3 0-0 8. Qc2 b6 9. b4 Nc6 10. b5 Nb4 11. Qb2 bxc5 12. dxc5 Bxc5 13. a3 d4 14. Na4 Nd3+ 15. Bxd3 Qa5+ 16. Bd2 Qxa4 17. 0-0 Bd7 18. Bb4 Rfc8 19. Rfc1 Bb6 20. Rxc8+ Rxc8 21. Nxd4 e5 22. Qb3 Qxb3 23. Nxb3 e4 24. Be2 Rc2 25. Kf1 Ng4 26. a4 Nxh2+ 27. Ke1 Ng4 28. Bxg4 Bxg4 29. Bd2 Bd7 30. a5 Bd8 31. Nd4 Rc4 32. Be3 Kf8 33. Rb1 Bxa5+ 34. Ke2 Bb6 35. Nc6 Bxc6 36. bxc6 Rc2+ 0-1

[Event "Oberliga Ost-B 1819"]
[Site "Germany"]
[Date "2018.10.21"]
[Round "1.1"]
[White "Kuznecovs, Nikita"]
[Black "Teske, Henrik"]
[Result "0-1"]
[WhiteElo "2226"]
[BlackElo "2483"]
[PlyCount "88"]
[EventDate "2018.10.21"]
[EventType "team-tourn"]
[EventRounds "11"]
[EventCountry "GER"]
[SourceTitle "EXT 2020"]
[Source "ChessBase"]
[SourceDate "2019.10.17"]
[SourceVersion "1"]
[SourceVersionDate "2019.10.17"]
[SourceQuality "1"]
[WhiteTeam "Stadtilm Blau Weiss"]
[BlackTeam "Erfurt Empor"]
[WhiteTeamCountry "GER"]
[BlackTeamCountry "GER"]

1. d4 Nf6 2. Nf3 d5 3. Bf4 Bg4 4. c4 dxc4 5. Ne5 Bh5 6. Qa4+ c6 7. Qxc4 Nd5 8. Bd2 Nd7 9. e4 N5b6 10. Qc2 e6 11. Bc3 Rc8 12. Nxd7 Qxd7 13. a4 Be7 14. Nd2 0-0 15. Nb3 Rfd8 16. a5 Na8 17. Bc4 Nc7 18. 0-0 Nb5 19. f3 Bg6 20. Rfd1 Nxc3 21. Qxc3 Qc7 22. Be2 h6 23. Rac1 Bd6 24. e5 Be7 25. f4 Be4 26. g4 b6 27. a6 Qd7 28. Bf3 Qd5 29. Be2 Bg6 30. Bf3 Be4 31. Be2 f5 32. Bc4 Qd7 33. Qe3 Rf8 34. gxf5 Bxf5 35. Rd2 Rf7 36. Bf1 g5 37. Rg2 Kh7 38. Re1 Rg8 39. fxg5 Bxg5 40. Qg3 Rfg7 41. Qf3 Qd5 42. Qxd5 cxd5 43. Ree2 Bd3 44. h4 Bxe2 0-1